Etiqueta de registo: 00000nam 2200025 450
001 1949108
003 http://id.bnportugal.gov.pt/bib/catbnp/1949108
010 ## $a978-989-51-7737-0
021 ## $aPT$b408111/16
100 ## $a20161123d2016 bc y0pory01030103ba
101 0# $apor
102 ## $aPT
105 ## $aa z 000yy
106 ## $ar
200 1# $a Os mochinhos da sabedoria a trabalhar a atenção$fDiana Almeida, Isa Bernardo, Sandra Costa
205 ## $a1ª ed
210 #9 $aLisboa$cChiado Editora,$d2016
215 ## $a263, [1] p.$cil.$d30 cm
225 2# $aRecreio
675 ## $a37.03(072)$vBN$zpor$31429020
700 #1 $91$aAlmeida,$bDiana$31481362
701 #1 $aBernardo,$bIsa$4070$31663957
701 #1 $96$aCosta,$bSandra$4070$31663958
801 #0 $aPT$bBN$gRPC
856 41 $uhttp://rnod.bnportugal.gov.pt/ImagesBN/winlibimg.aspx?skey=&doc=1949108&img=86545&save=true
900 ## $aBIBNAC$d20161221
966 ## $lBN$mFGMON$sS.C. 144500 V.$x1
966 ## $lBN$mFGMON$sS.C. 144500 V.-D$x1
Etiqueta de registo: 00000nam 2200025 450
001 2001169
003 http://id.bnportugal.gov.pt/bib/catbnp/2001169
010 ## $a978-989-20-8314-8
021 ## $aPT$b438789/18
100 ## $a20180921d2018 m y0pory01030103ba
101 0# $apor
102 ## $aPT
105 ## $aa z 000yy
106 ## $ar
200 1# $aGuião de normas de utilização do Kit "Missão Emoção"$eprojeto de educação sócio-emocional dos Mochinhos da Sabedoria$fSandra Costa$gil. Eduarda Silva
205 ## $a1ª ed
210 #9 $a[S.l.]$cMochinhos da Sabedoria$cSandra Costa,$dcop. 2018
215 ## $a38 p.$cil.$d30 cm
225 2# $aMochinhos da sabedoria
675 ## $a159.942(072)$vBN$zpor$31326000
675 ## $a371.3(072)$vBN$zpor$31237791
700 #1 $96$aCosta,$bSandra$31663958
702 #1 $92$aSilva,$bEduarda$4440$31728526
801 #0 $aPT$bBN$gRPC
856 41 $uhttp://rnod.bnportugal.gov.pt/ImagesBN/winlibimg.aspx?skey=&doc=2001169&img=114546&save=true
900 ## $aBIBNAC$d20181019
966 ## $lBN$mFGMON$sS.A. 169466 V.$x1
966 ## $lBN$mFGMON$sS.A. 169466 V.-D$x1
Etiqueta de registo: 00000nam 2200025 450
001 2040904
003 http://id.bnportugal.gov.pt/bib/catbnp/2040904
010 ## $a978-989-52-4714-1
021 ## $aPT$b448119/18
100 ## $a20200214d2019 c y0pory01030103ba
101 0# $apor
102 ## $aPT
105 ## $aa z 000yy
106 ## $ar
200 1# $a Os mochinhos da sabedoria na aventura das emoções$fSandra Costa$gil. Ana Vieira
205 ## $a1ª ed
210 #9 $aLisboa$cChiado Kids,$d2019
215 ## $a76, [1] p.$cil.$d21 cm
225 2# $aMochinhos da sabedoria
675 ## $a159.942(072)$vBN$zpor$31326000
675 ## $a371.3(072)$vBN$zpor$31237791
700 #1 $96$aCosta,$bSandra$31663958
702 #1 $98$aVieira,$bAna$4440$31713591
801 #0 $aPT$bBN$gRPC
856 41 $uhttp://rnod.bnportugal.gov.pt/ImagesBN/winlibimg.aspx?skey=&doc=2040904&img=136843&save=true
966 ## $lBN$mFGMON$sS.A. 174377 V.$x1